000 03098nam0a2200385 4500
001 RU\NLR\BIBL_A\022740147
005 20260607130101.0
010 _a978-5-6055078-1-9
021 _aRU
_bКН-П-25-081950
_9КН-П-25-7935
035 _a(NLR Aleph) 022740147
090 _a13725392
_c13725392
100 _a20260302d2025 u y0rusy50 ca
101 0 _arus
102 _aRU
105 _aa j 000yy
181 0 _ai
_baxxe
182 0 _an
200 1 _aДиагностика здоровья обучающихся медицинского вуза с использованием программы "Валеоскан"
_eучебно-методическое пособие
_eдля студентов высших учебных заведений, обучающихся по специальности 31.05.01 "Лечебное дело", 31. 05.02 "Педиатрия"
_fЮ. Л. Веневцева, доктор медицинских наук, профессор, С. В. Маркелова, доктор медицинских наук, доцент, П. Ю. Прохоров [и др.]
_gМинистерство образования и науки Российской Федерации, Федеральное государственное бюджетное образовательное учреждение высшего образования "Тульский государственный университет", Медицинский институт, Федеральное государственное автономное образовательное учреждение высшего образования "Российский национальный исследовательский медицинский университет имени Н. И. Пирогова" Министерства здравоохранения Российской Федерации
203 _aТекст
_bвизуальный
_cнепосредственный
210 _aМосква
_c[б. и.]
_d2025
215 _a88 с.
_cил., табл.
_d21
300 _aАвт. указаны на обороте тит. с.
320 _aБиблиогр.: с. 74–86 (75 назв.)
606 1 _aСтуденты-медики
_xЗдоровье
_xОценка
_xПрименение аппаратно-программного комплекса "Валеоскан"
_jУчебно-методические пособия для высших учебных заведений
_2nlr_sh2
_3RU\NLR\AUTH\6601771541
686 1 _aР124.61я73
686 1 _aР343.4с51я73
701 1 _aВеневцева
_bЮ. Л.
_f1950-
_gЮлия Львовна
_3RU\NLR\AUTH\770143103
701 1 _aМаркелова
_bС. В.
_gСветлана Валерьевна
701 1 _aПрохоров
_bП. Ю.
712 0 2 _aТульский государственный университет
_bМедицинский институт
_3RU\NLR\AUTH\8810246575
_4570
942 _cBOOK
980 _aNB